Tierra que sufre /

में बचाया:
ग्रंथसूची विवरण
मुख्य लेखक: González Villanueva, Gustavo
स्वरूप: पुस्तक
भाषा:Spanish
प्रकाशित: San José, Costa Rica : Ediciones Promesa, [1994]
श्रृंखला:Poesía ; 14
विषय:
टैग: टैग जोड़ें
कोई टैग नहीं, इस रिकॉर्ड को टैग करने वाले पहले व्यक्ति बनें!

MARC

LEADER 00000cam a22000007a 4500
001 4444859
005 20140821051228.0
008 941003s1994 cr 000 0 spa
020 |a 9977947546 
040 |a DLC  |c DLC  |d DLC  |d CIICLA 
082 |a G861.4  |b G643t 
100 2 |a González Villanueva, Gustavo. 
245 1 0 |a Tierra que sufre /  |c Gustavo González Villanueva. 
260 |a San José, Costa Rica :  |b Ediciones Promesa,  |c [1994] 
300 |a 87 páginas 
490 0 |a Poesía ;  |v 14 
650 7 |9 46  |a LITERATURA GUATEMALTECA  |v POESIA 
942 |2 ddc  |c BK 
999 |c 3402  |d 3402